000 00917nam a2200205 i 4500
001 136020
003 ES-MaACL
005 20230906195021.0
007 t|
008 070214s1927 sp r ||||1| spa d
100 1 _aRuiz de Larrinaga, Juan.
_9100758
245 1 3 _aEl vascófilo franciscano R. P. Fr. Juan Mateo de Zabala
_b: estudio bio-bibliográfico /
_cpor Fr. Juan Ruiz de Larrinaga ; con un apéndice de Luis de Lezama-Legizamón.
260 _aSan Sebastián :
_bJunta de Cultura de la Diputación Provincial de Vizcaya,
_c1927.
300 _a88 p. ;
_c25 x 17 cm.
500 _aEs tirada aparte de la Revista Internacional de los Estudios Vascos. Año 18. Tomo XV. números 1 y 2. Enero-Marzo y Abril-Junio 1924.
600 1 4 _aZabala, Juan Mateo.
_9159898
700 1 _aLezama-Legizamón, Luis de.
_972116
710 1 _aVizcaya (Provincia).
_bDiputación Provincial.
_97563
852 _aES-MaACL
_jF-4368
999 _c136020
_d136020